| 000 | 00481nam a2200169Ia 4500 | ||
|---|---|---|---|
| 999 |
_c2292 _d2292 |
||
| 003 | OSt | ||
| 005 | 20201001152455.0 | ||
| 008 | 190216s9999||||xx |||||||||||||| ||und|| | ||
| 040 | _coclc | ||
| 082 |
_a574.192 _bJAI/F |
||
| 100 |
_aJain, J L _95038 |
||
| 245 | 0 |
_aFundamentals Of Biochemistry / _cJ L Jain |
|
| 260 |
_bS Chand & Co, _c1979. _aNew Delhi: |
||
| 300 | _a315p | ||
| 650 | _aChemistry-Chemistry | ||
| 942 |
_cBK _2ddc _h574.192 _iJAI/F _k574.192 _mJAI/F |
||